La era tecnotrónica y los derechos humanos

Gardado en:
Detalles Bibliográficos
Autor Principal: Orrego Vicuña, Claudio (autor)
Formato: Libro
Idioma:Lingua castelá
Publicado: Santiago Aconcagua 1977
Edición:1a. ed
Series:Colección Lautaro
Subjects:
Tags: Engadir etiqueta
Sen Etiquetas, Sexa o primeiro en etiquetar este rexistro!

MARC

LEADER 00000cam a2200000 a 4500
001 UCL0189
003 CL-VaPUC
008 030627e19770000CL |||||||||||||||||spa|d
082 0 4 |a 323  |b ORR  |2 21 
100 |a Orrego Vicuña, Claudio  |e autor  |9 401892 
245 1 3 |a La era tecnotrónica y los derechos humanos 
246 1 3 |a La administración Carter y Amárica Latina 
250 |a 1a. ed 
300 |a 192 p 
942 |c BK 
945 |d 20030627 00:00:00  |a cmena 
260 |a Santiago  |b Aconcagua  |c 1977 
650 0 |a Derechos humanos  |9 223025 
650 0 |a Ideologías políticas   |9 255735 
650 0 |a Potencias mundiales  |9 431761 
651 0 |a América Latina   |9 255027 
651 0 |a Estados Unidos  |9 255178 
583 |a last modification  |c 20150603 12:55:05  |k Rodrigo Vera 
490 0 |a Colección Lautaro 
999 |c 304207  |d 304205 
952 |0 0  |1 0  |4 0  |6 323_000000000000000_ORR_1977  |7 0  |8 A  |9 366105  |a BIBDER  |b BIBDER  |d 2019-11-21  |i 3908526  |o 323 ORR 1977  |p 3908526  |r 2023-01-25  |w 2019-11-21  |y BK  |k DER 
952 |0 0  |1 0  |3 erb  |4 0  |6 323_000000000000000_ORR_1977  |7 0  |8 A  |9 366106  |a BIBHIS  |b BIBHIS  |i 5162025  |o 323 ORR 1977  |p 5162025  |r 2025-01-20  |w 2019-11-21  |y BK  |z Catalogado en:20150605  |k HIS